Reforming the power sector in Africa / (Record no. 358)

MARC details
000 -LEADER
fixed length control field 01601cam a2200385 a 4500
001 - CONTROL NUMBER
control field 12822486
003 - CONTROL NUMBER IDENTIFIER
control field OSt
005 - DATE AND TIME OF LATEST TRANSACTION
control field 20230605120943.0
008 - FIXED-LENGTH DATA ELEMENTS--GENERAL INFORMATION
fixed length control field 990820s1999 enkab b 001 0 eng d
010 ## - LIBRARY OF CONGRESS CONTROL NUMBER
LC control number 2002405346
015 ## - NATIONAL BIBLIOGRAPHY NUMBER
National bibliography number GB99-Z6167
020 ## - INTERNATIONAL STANDARD BOOK NUMBER
International Standard Book Number 1856496678
020 ## - INTERNATIONAL STANDARD BOOK NUMBER
International Standard Book Number 1856496686 (pbk.)
035 ## - SYSTEM CONTROL NUMBER
System control number (MH)MHBNB13777HU
035 ## - SYSTEM CONTROL NUMBER
System control number (OCoLC)40608901
035 ## - SYSTEM CONTROL NUMBER
System control number (CStRLIN)MAHGBNB13777-B
040 ## - CATALOGING SOURCE
Original cataloging agency *UKM*
Transcribing agency *UKM*
Modifying agency *C#P*
-- CStRLIN
-- DLC
042 ## - AUTHENTICATION CODE
Authentication code lccopycat
043 ## - GEOGRAPHIC AREA CODE
Geographic area code f------
050 00 - LIBRARY OF CONGRESS CALL NUMBER
Classification number HD9685.A42
Item number R44 1999
082 ## - DEWEY DECIMAL CLASSIFICATION NUMBER
Classification number 330.7932
Item number BHA
245 00 - TITLE STATEMENT
Title Reforming the power sector in Africa /
Statement of responsibility, etc. edited and introduced by M.R. Bhagavan.
260 ## - PUBLICATION, DISTRIBUTION, ETC. (IMPRINT)
Place of publication, distribution, etc. London ;
-- New York :
Name of publisher, distributor, etc. Zed Books, Ltd. ;
Place of publication, distribution, etc. Nairobi, Kenya :
Name of publisher, distributor, etc. In association with African Energy Policy Research Network ;
Place of publication, distribution, etc. New York :
Name of publisher, distributor, etc. Distributed in the USA exclusively by St. Martin's Press,
Date of publication, distribution, etc. 1999.
300 ## - PHYSICAL DESCRIPTION
Extent xix, 380 p. :
Other physical details ill., maps ;
Dimensions 22 cm.
440 #0 - SERIES STATEMENT/ADDED ENTRY--TITLE
Title African energy policy research series
504 ## - BIBLIOGRAPHY, ETC. NOTE
Bibliography, etc Includes bibliographical references (p. 353-366) and index.
650 #0 - SUBJECT ADDED ENTRY--TOPICAL TERM
Topical term or geographic name as entry element Electric utilities
Geographic subdivision Africa.
700 1# - ADDED ENTRY--PERSONAL NAME
Personal name Bhagavan, M. R.,
Dates associated with a name 1934-
856 42 - ELECTRONIC LOCATION AND ACCESS
Materials specified Contributor biographical information
Uniform Resource Identifier <a href="http://www.loc.gov/catdir/bios/hol058/2002405346.html">http://www.loc.gov/catdir/bios/hol058/2002405346.html</a>
856 42 - ELECTRONIC LOCATION AND ACCESS
Materials specified Publisher description
Uniform Resource Identifier <a href="http://www.loc.gov/catdir/description/hol052/2002405346.html">http://www.loc.gov/catdir/description/hol052/2002405346.html</a>
856 41 - ELECTRONIC LOCATION AND ACCESS
Materials specified Table of contents
Uniform Resource Identifier <a href="http://www.loc.gov/catdir/toc/hol051/2002405346.html">http://www.loc.gov/catdir/toc/hol051/2002405346.html</a>
906 ## - LOCAL DATA ELEMENT F, LDF (RLIN)
a 7
b cbc
c copycat
d 2
e ncip
f 20
g y-gencatlg
942 ## - ADDED ENTRY ELEMENTS (KOHA)
Source of classification or shelving scheme Dewey Decimal Classification
Koha item type Books
Holdings
Withdrawn status Lost status Source of classification or shelving scheme Damaged status Not for loan Home library Current library Date acquired Total Checkouts Full call number Barcode Date last seen Price effective from Koha item type
    Dewey Decimal Classification     Bunge Tower Library Bunge Tower Library 06/05/2023   330.7932 BHA 10014783 06/05/2023 06/05/2023 Books
LIBRARY OPENING HOURS

When the Parliament is sitting: 8.00a.m - 7.00p.m or until the house adjourns
Mondays and Fridays and when the House is on Recess:  8.00a.m - 5.00p.m
Closed on Weekends and Public Holidays

Online Public Access Catalog (OPAC)
Website: http://www.parliament.go.ke
Bunge Library: https://libraryir.parliament.go.ke
Contact: library@parliament.go.ke | Tel no: (254-2)2221291 or 2848000 Ext 5043